Đồn điền Nam kỳ thời Pháp thuộccuối thế kỷ XIX đến năm 1924 Tiếp theo và hết

Spremljeno u:
Bibliografski detalji
Glavni autor: Nguyễn, Phan Quang
Format: Knjiga
Jezik:Undetermined
Teme:
Online pristup:http://lrc.tdmu.edu.vn/opac/search/detail.asp?aID=2&ID=25880
Oznake: Dodaj oznaku
Bez oznaka, Budi prvi tko označuje ovaj zapis!
Thư viện lưu trữ: Trung tâm Học liệu Trường Đại học Thủ Dầu Một
LEADER 00686nam a2200157Ia 4500
001 TDMU_25880
008 210410s9999 xx 000 0 und d
082 |a 306.349 
100 |a Nguyễn, Phan Quang 
245 0 |a Đồn điền Nam kỳ thời Pháp thuộccuối thế kỷ XIX đến năm 1924 
245 0 |c Nguyễn Phan Quang 
245 0 |p Tiếp theo và hết 
300 |a Tr.68-76 
650 |a Chính trị xã hội; Đồn điền; Thời Pháp thuộc; Nam kì; Thế kỉ XIX đến 1924 
856 |u http://lrc.tdmu.edu.vn/opac/search/detail.asp?aID=2&ID=25880 
980 |a Trung tâm Học liệu Trường Đại học Thủ Dầu Một